[Event "XXXI Festival A"]
[Site "Arco ITA"]
[Date "2009.10.24"]
[Round "9"]
[White "Giaracuni, Claudio"]
[Black "Morselli, Stefano"]
[Result "1-0"]
[WhiteElo "1771"]
[BlackElo "1921"]
[PlyCount "75"]
[EventDate "2009.10.17"]

1. c4 Nf6 2. Nc3 g6 3. Nf3 Bg7 4. g3 O-O 5. Bg2 d6 6. d4 Nc6 7. Bg5 h6 8. Bxf6
Bxf6 9. O-O Re8 10. h3 Bd7 11. e3 e5 12. dxe5 dxe5 13. Qe2 Nd4 14. exd4 exd4
15. Ne4 Bg7 16. Qd3 Bf5 17. Rfe1 g5 18. Rad1 c5 19. b4 b6 20. g4 Bg6 21. Nfd2
Qc7 22. bxc5 bxc5 23. Qa3 Qf4 24. Qg3 Qxg3 25. Nxg3 Rab8 26. Rxe8+ Rxe8 27. Be4
Kh7 28. Rb1 Be5 29. Bxg6+ Kxg6 30. Re1 f6 31. Nb3 Rb8 32. Ne4 Rb4 33. Nexc5
Rxc4 34. Rc1 Rb4 35. Nd3 Ra4 36. Rc2 Kf7 37. Kf1 Ke6 38. Nbc5+ 1-0

[Event "XXXI Festival A"]
[Site "Arco ITA"]
[Date "2009.10.24"]
[Round "9"]
[White "Grom, Waldemar"]
[Black "Pisani, Valerio"]
[Result "1-0"]
[WhiteElo "1957"]
[BlackElo "1789"]
[PlyCount "65"]
[EventDate "2009.10.17"]

1. c4 Nf6 2. Nc3 e6 3. e4 Bb4 4. e5 Bxc3 5. bxc3 Ng8 6. Qg4 g6 7. d4 b6 8. Bg5
Ne7 9. d5 d6 10. dxe6 Bxe6 11. Qe4 d5 12. Qf3 Nbc6 13. Bf6 Rg8 14. Rd1 g5 15.
cxd5 Bxd5 16. Qh5 Qc8 17. Bb5 Qe6 18. Nf3 Bxf3 19. Qxf3 a6 20. Ba4 b5 21. Bb3
Qf5 22. Qe3 Rg6 23. O-O Rh6 24. Bxg5 Rg6 25. Bf4 Qg4 26. Bg3 Rg5 27. e6 f6 28.
f3 Qh5 29. Qf4 Rc8 30. Qxf6 Rf5 31. Qg7 Rg5 32. Qf7+ Qxf7 33. exf7+ 1-0

[Event "XXXI Festival A"]
[Site "Arco ITA"]
[Date "2009.10.24"]
[Round "9"]
[White "Hasberger, Walter"]
[Black "De Andres Gonalons, Fernando"]
[Result "0-1"]
[WhiteElo "1894"]
[BlackElo "2088"]
[PlyCount "81"]
[EventDate "2009.10.17"]

1. e4 e6 2. d4 d5 3. Nc3 dxe4 4. Nxe4 Nd7 5. Nf3 Be7 6. Bc4 Ngf6 7. Nxf6+ Bxf6
8. O-O O-O 9. c3 c5 10. Be3 b6 11. dxc5 Nxc5 12. Qe2 Bb7 13. Rfd1 Qc7 14. h3
Bxf3 15. gxf3 Rad8 16. Bb3 Nxb3 17. axb3 Rxd1+ 18. Rxd1 e5 19. Rd5 Qc8 20. Kg2
Rd8 21. Qd3 h6 22. Rxd8+ Qxd8 23. Qxd8+ Bxd8 24. b4 Bc7 25. c4 Kf8 26. Kf1 Ke7
27. Ke2 Ke6 28. b5 Bd6 29. Bd2 f5 30. b4 Be7 31. Bc3 g5 32. Bd2 h5 33. Bc3 Bd6
34. Bd2 Be7 35. Bc3 e4 36. Bd2 exf3+ 37. Kxf3 g4+ 38. hxg4 fxg4+ 39. Ke4 Bf8
40. Bg5 Bxb4 41. Bh4 0-1

[Event "XXXI Festival A"]
[Site "Arco ITA"]
[Date "2009.10.24"]
[Round "9"]
[White "Helbig, Dieter"]
[Black "Paggiaro, Luca"]
[Result "0-1"]
[WhiteElo "1858"]
[BlackElo "2049"]
[PlyCount "64"]
[EventDate "2009.10.17"]

1. c4 g6 2. Nc3 Bg7 3. d4 d6 4. Nf3 Nf6 5. e4 O-O 6. Be2 Nbd7 7. O-O e5 8. d5
a6 9. Qc2 Nh5 10. g3 Qe8 11. Bd2 Kh8 12. b4 f5 13. Ng5 Ndf6 14. f3 h6 15. Nh3
fxe4 16. Kg2 exf3+ 17. Bxf3 Bf5 18. Qc1 Kh7 19. Nf2 e4 20. Be2 e3 21. Bxe3 Ne4
22. Nfxe4 Bxe4+ 23. Bf3 Bxf3+ 24. Rxf3 Rxf3 25. Kxf3 Qe5 26. Bd2 Qd4 27. Qe1
Qxc4 28. a3 Rf8+ 29. Kg2 Qd3 30. Rc1 Qf3+ 31. Kh3 Rf5 32. Qe3 Nf4+ 0-1

[Event "XXXI Festival A"]
[Site "Arco ITA"]
[Date "2009.10.25"]
[Round "9"]
[White "Innocenti, Sandro"]
[Black "Bonanzinga, Corrado"]
[Result "0-1"]
[WhiteElo "1701"]
[BlackElo "2136"]
[PlyCount "48"]
[EventDate "2009.10.17"]

1. e4 e5 2. Nf3 Nc6 3. d4 exd4 4. Nxd4 Nf6 5. Nxc6 bxc6 6. Bd3 d5 7. Qe2 dxe4
8. Bxe4 Nxe4 9. Qxe4+ Qe7 10. Qxe7+ Bxe7 11. O-O Bf5 12. Bf4 O-O-O 13. c3 Rd5
14. Nd2 g5 15. Be3 Rhd8 16. Nf3 Bd3 17. Rfe1 c5 18. Bd4 R8d7 19. Re3 g4 20. Ne5
cxd4 21. cxd4 Rxe5 22. dxe5 Bf5 23. a3 Bc5 24. Ree1 Rd2 0-1

[Event "XXXI Festival A"]
[Site "Arco ITA"]
[Date "2009.10.25"]
[Round "9"]
[White "Kierzek, Matthias"]
[Black "Ager, Josef"]
[Result "1-0"]
[WhiteElo "2154"]
[BlackElo "2226"]
[PlyCount "91"]
[EventDate "2009.10.17"]

1. d4 g6 2. e4 Bg7 3. c4 Nc6 4. Nf3 e5 5. d5 Nd4 6. Nxd4 exd4 7. Bd3 d6 8. O-O
Nf6 9. Nd2 c5 10. Nb3 O-O 11. Bd2 Re8 12. Qc2 Bd7 13. Rae1 Rc8 14. h3 h6 15. f4
Nh7 16. Bc1 Rc7 17. Nd2 Bc8 18. Nf3 Nf8 19. e5 Rce7 20. e6 fxe6 21. Bxg6 exd5
22. Bxe8 Qxe8 23. cxd5 Nh7 24. Rxe7 Qxe7 25. Re1 Qd7 26. Qg6 Nf6 27. Re6 Qd8
28. Re1 Bd7 29. f5 Be8 30. Qg3 Nh5 31. Qh4 Qxh4 32. Nxh4 Bf7 33. Ng6 Nf6 34.
Bf4 Nxd5 35. Bxd6 c4 36. Be5 d3 37. Bxg7 Kxg7 38. Ne5 Ne3 39. Nxd3 Nc2 40. f6+
Kf8 41. Rd1 cxd3 42. Rxd3 Bxa2 43. Rd7 a5 44. Rxb7 a4 45. Kf2 Nd4 46. Rb4 1-0

[Event "XXXI Festival A"]
[Site "Arco ITA"]
[Date "2009.10.25"]
[Round "9"]
[White "Kierzek, Mira"]
[Black "Trauth, Michael"]
[Result "0-1"]
[WhiteElo "2043"]
[BlackElo "2185"]
[PlyCount "90"]
[EventDate "2009.10.17"]

1. Nf3 c5 2. c4 Nf6 3. b3 g6 4. Bb2 Bg7 5. Nc3 O-O 6. g3 b6 7. Bg2 Bb7 8. O-O
d6 9. d4 cxd4 10. Nxd4 Bxg2 11. Kxg2 Qc8 12. Rc1 Nbd7 13. f3 Qb7 14. e4 Rfd8
15. Qd2 Nc5 16. Nd5 Nxd5 17. exd5 a5 18. Rcd1 Re8 19. Rfe1 Rad8 20. Re2 e5 21.
Nc6 Ra8 22. Qc2 b5 23. Bc3 b4 24. Be1 f5 25. Bf2 Nd7 26. Rde1 Nf6 27. Qd2 e4
28. Bd4 exf3+ 29. Kxf3 Ne4 30. Qd3 a4 31. Kg2 axb3 32. axb3 Ra3 33. Bxg7 Kxg7
34. Nd4 Rea8 35. Nb5 Ra2 36. Rxa2 Rxa2+ 37. Re2 Qe7 38. Nd4 Qe5 39. Ne6+ Kf6
40. g4 Qc3 41. gxf5 gxf5 42. Qf3 Qxf3+ 43. Kxf3 Nd2+ 44. Ke3 Nxb3 45. Nf4 Nc5
0-1

[Event "XXXI Festival A"]
[Site "Arco ITA"]
[Date "2009.10.25"]
[Round "9"]
[White "Manca, Federico"]
[Black "Wohl, Aleksandar H."]
[Result "1/2-1/2"]
[WhiteElo "2356"]
[BlackElo "2417"]
[PlyCount "34"]
[EventDate "2009.10.17"]

1. e4 e5 2. Nf3 Nc6 3. Nc3 g6 4. d4 exd4 5. Nxd4 Bg7 6. Be3 d6 7. Qd2 Nf6 8.
O-O-O Ng4 9. Bg5 f6 10. Bf4 Nxd4 11. Qxd4 O-O 12. f3 Ne5 13. Qd2 f5 14. Bh6
fxe4 15. Bxg7 Kxg7 16. Nxe4 Bf5 17. Nc3 Be6 1/2-1/2

[Event "XXXI Festival A"]
[Site "Arco ITA"]
[Date "2009.10.25"]
[Round "9"]
[White "Maneschi, Giuseppe"]
[Black "Grant, Jonathan I.M."]
[Result "0-1"]
[WhiteElo "2072"]
[BlackElo "2249"]
[PlyCount "110"]
[EventDate "2009.10.17"]

1. c4 c5 2. g3 g6 3. Bg2 Bg7 4. e3 Nc6 5. Ne2 e5 6. Nbc3 Nge7 7. d3 O-O 8. O-O
d6 9. b3 Be6 10. Bb2 d5 11. e4 d4 12. Nd5 Qd7 13. a3 f5 14. f3 Rab8 15. Qd2 b5
16. Qc2 bxc4 17. bxc4 Na5 18. Rab1 Bxd5 19. exd5 f4 20. g4 Rb6 21. Ba1 g5 22.
Rxb6 axb6 23. Rb1 Rf6 24. Rb5 Ng6 25. Bb2 h5 26. h3 hxg4 27. hxg4 Bf8 28. Nc1
e4 29. dxe4 Ne5 30. Nd3 Naxc4 31. Nxe5 Nxe5 32. a4 Rh6 33. Qd1 Qd6 34. Qf1 Rh7
35. Kf2 Qh6 36. Qg1 Nc4 37. Ke2 Qh2 38. Qxh2 Rxh2 39. Bxd4 cxd4 40. Kd3 Na3 41.
Rb2 Bc5 42. e5 Kf7 43. a5 bxa5 44. Rb7+ Ke8 45. Rc7 Bb4 46. Bf1 Rf2 47. Be2 Nb5
48. Rb7 Nc3 49. Bd1 Nxd1 50. Ke4 Ne3 51. d6 d3 52. Kxd3 Rd2+ 53. Ke4 Bc3 54.
Rb8+ Kf7 55. Rb7+ Kg6 0-1

[Event "XXXI Festival A"]
[Site "Arco ITA"]
[Date "2009.10.24"]
[Round "9"]
[White "Matei, Bogdan Stefan"]
[Black "Marini, Lucio"]
[Result "1-0"]
[WhiteElo "1707"]
[BlackElo "1884"]
[PlyCount "53"]
[EventDate "2009.10.17"]

1. e4 c5 2. Nf3 d6 3. d4 cxd4 4. Nxd4 Nf6 5. Nc3 a6 6. f3 e6 7. Be3 Be7 8. Qd2
O-O 9. O-O-O Nc6 10. g4 Nxd4 11. Bxd4 b5 12. h4 Bb7 13. h5 b4 14. Ne2 Qa5 15.
Kb1 d5 16. g5 Nd7 17. g6 e5 18. gxh7+ Kh8 19. Be3 d4 20. Bg5 Nf6 21. Rg1 Rac8
22. Nc1 Rc3 23. bxc3 bxc3 24. Nb3 Qb6 25. Qg2 a5 26. Bh6 g6 27. hxg6 1-0

[Event "XXXI Festival A"]
[Site "Arco ITA"]
[Date "2009.10.25"]
[Round "9"]
[White "Modena, Giorgio"]
[Black "Karl, Hans"]
[Result "0-1"]
[WhiteElo "1892"]
[BlackElo "2229"]
[PlyCount "93"]
[EventDate "2009.10.17"]

1. e4 e5 2. Nf3 Nc6 3. Bb5 a6 4. Ba4 Nf6 5. d3 d6 6. h3 Be7 7. c3 O-O 8. O-O
Bd7 9. Re1 b5 10. Bc2 Re8 11. Nbd2 Bf8 12. Nf1 Ne7 13. Bg5 Ng6 14. Ng3 h6 15.
Be3 c6 16. Qd2 Qc7 17. Ne2 d5 18. Rad1 c5 19. exd5 Nxd5 20. c4 Nxe3 21. Qxe3 b4
22. Nd2 f5 23. f3 Be7 24. Qf2 a5 25. Rf1 Bg5 26. g3 Ra6 27. h4 Bf6 28. h5 Nf8
29. Kh2 Ne6 30. Rg1 Bg5 31. g4 e4+ 32. Qg3 Qxg3+ 33. Kxg3 exf3 34. Nxf3 fxg4
35. Nd2 Bxd2 36. Rxd2 Ng5 37. Rg2 Rf6 38. Rf2 Re3+ 39. Kg2 Bc6+ 40. Kf1 Ref3
41. Ng1 g3 42. Rxf3 Nxf3 43. Nxf3 Rxf3+ 44. Kg1 Re3 45. Rd1 Re2 46. Bb1 Rh2 47.
Bc2 0-1

[Event "XXXI Festival A"]
[Site "Arco ITA"]
[Date "2009.10.25"]
[Round "9"]
[White "Mondon, Fabrice"]
[Black "De Nisi, Roberta"]
[Result "1-0"]
[WhiteElo "2029"]
[BlackElo "1903"]
[PlyCount "87"]
[EventDate "2009.10.17"]

1. e4 e6 2. d4 d5 3. Nc3 Nf6 4. Bg5 Be7 5. e5 Nfd7 6. h4 a6 7. Bxe7 Qxe7 8. Nf3
c5 9. Rh3 Nc6 10. h5 cxd4 11. Nxd4 Nxd4 12. Qxd4 Qc5 13. Qxc5 Nxc5 14. O-O-O
Bd7 15. h6 g6 16. b4 Na4 17. Nxa4 Bxa4 18. Ra3 b5 19. Rc3 Kd7 20. Rdd3 Rhc8 21.
Kd2 Rxc3 22. Rxc3 Rf8 23. Be2 f6 24. exf6 Rxf6 25. Rf3 Ke7 26. Rxf6 Kxf6 27. f4
e5 28. fxe5+ Kxe5 29. Bd3 Kf6 30. Ke3 Kg5 31. Kd4 Kxh6 32. Kxd5 Kg7 33. Ke6 Kf8
34. Kf6 Kg8 35. Be4 Kf8 36. g3 Kg8 37. Bd5+ Kf8 38. Bb3 Bxb3 39. axb3 Kg8 40.
c4 bxc4 41. bxc4 Kf8 42. b5 axb5 43. cxb5 Ke8 44. Kg7 1-0

[Event "XXXI Festival A"]
[Site "Arco ITA"]
[Date "2009.10.25"]
[Round "9"]
[White "Nicolodi, Raoul"]
[Black "Bonade', Massimo"]
[Result "1/2-1/2"]
[WhiteElo "1909"]
[BlackElo "2097"]
[PlyCount "93"]
[EventDate "2009.10.17"]

1. d4 Nf6 2. Bf4 e6 3. e3 b6 4. Nf3 Bb7 5. h3 Be7 6. Be2 O-O 7. O-O d6 8. c4
Ne4 9. Nbd2 f5 10. Rc1 Nd7 11. b4 Ndf6 12. Nb3 Qe8 13. c5 Nd5 14. a3 g5 15. Bh2
g4 16. hxg4 fxg4 17. Nfd2 Ndc3 18. Qe1 h5 19. cxd6 cxd6 20. Nxe4 Nxe4 21. Rc7
Bd5 22. Nd2 Qd8 23. Rc2 Bg5 24. Bc4 g3 25. Bxg3 Nxg3 26. fxg3 Rxf1+ 27. Nxf1
Qf6 28. Bxd5 exd5 29. Rf2 Qg6 30. Qc3 Re8 31. Rf3 Qe6 32. Qd3 Kg7 33. Qf5 Qxf5
34. Rxf5 Bxe3+ 35. Nxe3 Rxe3 36. Rxh5 Rxg3 37. Rxd5 Rg6 38. Kf2 Kf7 39. Rh5 Ke6
40. Kf3 Rf6+ 41. Ke4 Rg6 42. d5+ Kf6 43. Kf3 Rg7 44. g4 Rc7 45. Rh6+ Ke5 46.
Rh5+ Kf6 47. Rh6+ 1/2-1/2

[Event "XXXI Festival A"]
[Site "Arco ITA"]
[Date "2009.10.25"]
[Round "9"]
[White "Parrini, Daniele"]
[Black "Rampini, Carlo"]
[Result "1-0"]
[WhiteElo "2022"]
[BlackElo "1820"]
[PlyCount "51"]
[EventDate "2009.10.17"]

1. e4 c5 2. Nf3 e6 3. d4 cxd4 4. Nxd4 Nf6 5. Nc3 Qb6 6. e5 Bc5 7. Be3 Qxb2 8.
Ndb5 Qb4 9. Rb1 Qa5 10. Bxc5 Nd5 11. Qd2 Na6 12. Bd6 Nxc3 13. Nxc3 f6 14. Rb5
Qd8 15. Bd3 Nc7 16. Rc5 Na6 17. Rc4 fxe5 18. O-O b5 19. Rg4 b4 20. Ne4 Rg8 21.
f4 Qb6+ 22. Kh1 Bb7 23. Nf6+ gxf6 24. Rxg8+ Kf7 25. Rxa8 Qxd6 26. Bg6+ 1-0

[Event "XXXI Festival A"]
[Site "Arco ITA"]
[Date "2009.10.25"]
[Round "9"]
[White "Pienabarca, Nicola"]
[Black "Schaberg, Wolfgang"]
[Result "1/2-1/2"]
[WhiteElo "2067"]
[BlackElo "1943"]
[PlyCount "85"]
[EventDate "2009.10.17"]

1. d4 d5 2. Nf3 Nf6 3. c4 c6 4. e3 e6 5. b3 Be7 6. Bd3 Nbd7 7. Bb2 c5 8. O-O b6
9. cxd5 Nxd5 10. dxc5 Bf6 11. Bxf6 Qxf6 12. Nbd2 Nxc5 13. Bb5+ Ke7 14. Nd4 Nc3
15. Qc2 Nxb5 16. Nxb5 Bd7 17. Nd4 Rac8 18. Qb2 Rhd8 19. Qa3 Ke8 20. Qxa7 e5 21.
N4f3 Bb5 22. Nc4 Bxc4 23. bxc4 Ra8 24. Qc7 Nd3 25. Qb7 Nc5 26. Qc7 Nd3 27. Rab1
Rdc8 28. Qxb6 Qxb6 29. Rxb6 Rxa2 30. Rd6 Rd8 31. Rxd8+ Kxd8 32. Ng5 f6 33. Ne4
Kc7 34. g4 Rc2 35. Rd1 Nb2 36. Rb1 Nxc4 37. Nc5 Nd6 38. Ne6+ Kd7 39. Nxg7 Ne4
40. Nh5 Nxf2 41. Nxf6+ Ke7 42. Nd5+ Ke6 43. Nb4 1/2-1/2

[Event "XXXI Festival A"]
[Site "Arco ITA"]
[Date "2009.10.24"]
[Round "9"]
[White "Ricci, Alfredo"]
[Black "Terna, Giovanni"]
[Result "1-0"]
[WhiteElo "1993"]
[BlackElo "1766"]
[PlyCount "30"]
[EventDate "2009.10.17"]

1. e4 c5 2. Nf3 d6 3. d4 cxd4 4. Nxd4 Nf6 5. Bd3 Nc6 6. Nxc6 bxc6 7. O-O g6 8.
Kh1 Bg7 9. Qe1 O-O 10. Nc3 Qa5 11. Nd5 Qd8 12. Nxf6+ Bxf6 13. f4 e5 14. fxe5
Bxe5 15. Bh6 Qh4 1-0

[Event "XXXI Festival A"]
[Site "Arco ITA"]
[Date "2009.10.25"]
[Round "9"]
[White "Riepma, Henk"]
[Black "Ebeling, Jens"]
[Result "1/2-1/2"]
[WhiteElo "2117"]
[BlackElo "2047"]
[PlyCount "72"]
[EventDate "2009.10.17"]

1. f4 d5 2. Nf3 Nf6 3. e3 Bg4 4. Be2 Bxf3 5. Bxf3 Nbd7 6. O-O e5 7. d4 e4 8.
Be2 Be7 9. b3 O-O 10. c4 c6 11. Nc3 Bb4 12. Qc2 Rc8 13. a3 Bxc3 14. Qxc3 Ne8
15. Bd2 f5 16. Rac1 Nef6 17. Qb4 b6 18. Qa4 dxc4 19. Bxc4+ Kh8 20. Be6 c5 21.
Bxf5 Rc7 22. Bxd7 Rxd7 23. Bc3 Nd5 24. dxc5 Nxe3 25. Rfe1 Nd5 26. Qxe4 Nxc3 27.
Rxc3 bxc5 28. Rh3 h6 29. Qe5 Qb6 30. Kh1 Rdf7 31. Rf3 Rf5 32. Qe4 Qa5 33. g4
Rxf4 34. Rxf4 Rxf4 35. Qe8+ Kh7 36. Qe2 Qc3 1/2-1/2

[Event "XXXI Festival A"]
[Site "Arco ITA"]
[Date "2009.10.24"]
[Round "9"]
[White "Rigo, Marco"]
[Black "Fragni, Enrico"]
[Result "1-0"]
[WhiteElo "1908"]
[BlackElo "1767"]
[PlyCount "123"]
[EventDate "2009.10.17"]

1. e4 c6 2. d4 d6 3. Bd3 e5 4. c3 Nf6 5. h3 Be7 6. Nf3 Qc7 7. Bg5 Nbd7 8. O-O
h6 9. Bh4 g5 10. Bg3 Nh5 11. dxe5 dxe5 12. Bxe5 Nxe5 13. Nxe5 Nf4 14. Nf3 Be6
15. Bc2 Rd8 16. Nbd2 g4 17. hxg4 Bxg4 18. Qe1 Rg8 19. Qe3 Bh3 20. g3 Nd5 21.
Qe1 Nf4 22. Qe3 Bxf1 23. Kxf1 Ne6 24. Qxh6 Ng5 25. Bb3 Nxf3 26. Nxf3 Qd6 27.
Qxd6 Rxd6 28. Ke2 Rf8 29. Rd1 Rxd1 30. Kxd1 Bc5 31. Ke2 Ke7 32. Ne5 Bd6 33. Nd3
Re8 34. f4 f6 35. Kf3 Kf8 36. Nf2 Kg7 37. Ng4 a5 38. Ne3 Kg6 39. Bc2 Kf7 40.
Nc4 Bc7 41. Ne3 Rh8 42. Bd3 Rh2 43. Be2 Rh1 44. Bf1 Bb6 45. Kg2 Rh8 46. Nc4 Bc7
47. Ne3 Rd8 48. Bc4+ Kg6 49. b4 b5 50. Be6 Rd3 51. Nf5 Rxc3 52. bxa5 Ra3 53.
Ne7+ Kg7 54. Nxc6 Bxa5 55. Nxa5 Rxa5 56. Kf3 b4 57. Kg4 Kg6 58. f5+ Kh6 59. Kf4
Kg7 60. g4 Rc5 61. g5 fxg5+ 62. Kxg5 1-0

[Event "XXXI Festival A"]
[Site "Arco ITA"]
[Date "2009.10.24"]
[Round "9"]
[White "Rizzoli, Aluna"]
[Black "Sprea, Giuseppe"]
[Result "1/2-1/2"]
[WhiteElo "1878"]
[BlackElo "2018"]
[PlyCount "80"]
[EventDate "2009.10.17"]

1. e4 c5 2. Nf3 d6 3. d4 cxd4 4. Nxd4 Nf6 5. Nc3 e6 6. Bc4 Be7 7. O-O O-O 8.
Be3 Nc6 9. a4 Bd7 10. f3 Nxd4 11. Bxd4 Qc7 12. Bb3 Bc6 13. Kh1 Rfd8 14. Qe2 e5
15. Bf2 d5 16. exd5 Bxd5 17. Nxd5 Nxd5 18. Rae1 Nf4 19. Qxe5 Qxe5 20. Rxe5 Bf6
21. Rb5 b6 22. c3 Nd3 23. Bc2 Nxf2+ 24. Rxf2 Rd6 25. Kg1 Rad8 26. Kf1 Rd2 27.
Re2 Kf8 28. Rb4 Rxe2 29. Kxe2 h6 30. Re4 Re8 31. Rxe8+ Kxe8 32. Be4 a5 33. Kd3
Be5 34. g3 Kd7 35. Kc4 g5 36. Kd5 Bd6 37. Bf5+ Kc7 38. Bh7 h5 39. Bg8 Bxg3 40.
h3 f6 1/2-1/2

[Event "XXXI Festival A"]
[Site "Arco ITA"]
[Date "2009.10.24"]
[Round "9"]
[White "Roversi, Stefano"]
[Black "Wagner, Frank"]
[Result "0-1"]
[WhiteElo "1824"]
[BlackElo "1929"]
[PlyCount "76"]
[EventDate "2009.10.17"]

1. e4 c5 2. Nf3 Nc6 3. c3 d6 4. d4 cxd4 5. cxd4 g6 6. Nc3 Bg7 7. Bc4 Nf6 8. d5
Nb8 9. Bb5+ Bd7 10. e5 dxe5 11. Bxd7+ Nbxd7 12. d6 a6 13. O-O O-O 14. dxe7 Qxe7
15. Bg5 Qc5 16. Be3 Qc6 17. Rc1 Qe6 18. Ng5 Qf5 19. Qb3 h6 20. Nf3 b5 21. Rfd1
Rac8 22. Rd6 Nc5 23. Bxc5 Rxc5 24. Rxa6 e4 25. Nd4 Qg5 26. Re1 Qd2 27. Rd1 Qf4
28. Nde2 Qh4 29. Ng3 Ng4 30. Ncxe4 Qxh2+ 31. Kf1 Rc4 32. Nd6 Rf4 33. Nde4 Kh7
34. Qxb5 Nxf2 35. Nxf2 Qxg3 36. Rd2 Bd4 37. Ra3 Rxf2+ 38. Ke1 Rf3+ 0-1

[Event "XXXI Festival A"]
[Site "Arco ITA"]
[Date "2009.10.24"]
[Round "9"]
[White "Savarese, Vincenzo"]
[Black "Mazza, Maurizio"]
[Result "1-0"]
[WhiteElo "1810"]
[BlackElo "1677"]
[PlyCount "43"]
[EventDate "2009.10.17"]

1. e4 e5 2. Nf3 Nc6 3. d4 exd4 4. Nxd4 Bc5 5. Be3 Qf6 6. Nb5 Bxe3 7. fxe3 Qd8
8. Qg4 g6 9. Qf4 d6 10. Bc4 Ne5 11. O-O Qe7 12. Bb3 Be6 13. Bxe6 fxe6 14. Nxc7+
Qxc7 15. Qf8+ Kd7 16. Qxa8 Qb6 17. Nc3 g5 18. Rf8 Qxe3+ 19. Kh1 Kc6 20. Qe8+
Kc7 21. Nb5+ Kb6 22. Nxd6 1-0

[Event "XXXI Festival A"]
[Site "Arco ITA"]
[Date "2009.10.24"]
[Round "9"]
[White "Stolfa, Rodolfo"]
[Black "Del Nevo, Claudio"]
[Result "1-0"]
[WhiteElo "1886"]
[BlackElo "1858"]
[PlyCount "94"]
[EventDate "2009.10.17"]

1. d4 d6 2. c4 Nf6 3. Nc3 g6 4. e4 c6 5. Bd3 Bg7 6. Nge2 O-O 7. O-O Na6 8. Bg5
c5 9. d5 Ng4 10. Bb1 Ne5 11. b3 Nc7 12. Qd2 a6 13. Bh6 b5 14. Bxg7 Kxg7 15. f4
Ng4 16. h3 Nh6 17. Ng3 e6 18. e5 b4 19. Nce4 dxe5 20. d6 exf4 21. Qxf4 Ne8 22.
Qe5+ f6 23. Qxc5 Nf5 24. Qxb4 Nxg3 25. Nxg3 Qxd6 26. Qxd6 Nxd6 27. Rd1 Nf7 28.
Be4 Rb8 29. Rd2 f5 30. Bc6 Bb7 31. Bxb7 Rxb7 32. Rad1 e5 33. Rd5 Rbb8 34. Ra5
Ra8 35. Rd7 Kf6 36. Ne2 Rfd8 37. Rxd8 Nxd8 38. Nc3 e4 39. Kf2 Nc6 40. Rc5 Nb4
41. Nd5+ Nxd5 42. Rxd5 Ra7 43. Ke3 Ke6 44. Ra5 Kf6 45. h4 g5 46. g3 h6 47. h5
Kg7 1-0

[Event "XXXI Festival A"]
[Site "Arco ITA"]
[Date "2009.10.24"]
[Round "9"]
[White "Thompson, Edward Nii Lamptey"]
[Black "Lezzerini, Marco"]
[Result "1-0"]
[WhiteElo "1818"]
[BlackElo "1587"]
[PlyCount "61"]
[EventDate "2009.10.17"]

1. e4 c6 2. d4 d5 3. e5 Bf5 4. f4 e6 5. Bd3 Ne7 6. Ne2 Nd7 7. O-O Bg6 8. Ng3
Qb6 9. c3 c5 10. f5 exf5 11. Bxf5 Nxf5 12. Nxf5 Bxf5 13. Rxf5 g6 14. Rf2 cxd4
15. cxd4 Be7 16. Nc3 Qe6 17. Bh6 Bf8 18. Bxf8 Rxf8 19. Qb3 O-O-O 20. Nb5 Kb8
21. Nd6 Nb6 22. a4 Rd7 23. a5 Nc8 24. Nb5 a6 25. Nc3 f5 26. Ra4 g5 27. Rb4 Rff7
28. Na4 Rc7 29. Nc5 Qc6 30. Rc2 Ka8 31. Rc3 1-0

[Event "XXXI Festival A"]
[Site "Arco ITA"]
[Date "2009.10.24"]
[Round "9"]
[White "Tovazzi, Maurizio"]
[Black "Weinberg, Emanuele"]
[Result "0-1"]
[WhiteElo "1643"]
[BlackElo "1874"]
[PlyCount "104"]
[EventDate "2009.10.17"]

1. Nf3 d5 2. g3 Nf6 3. Bg2 e6 4. O-O Be7 5. b3 O-O 6. Bb2 c5 7. d3 Nc6 8. Nbd2
Qc7 9. Qc1 e5 10. e3 h6 11. h3 b6 12. Nh2 Bb7 13. a4 Rfe8 14. Qd1 Rad8 15. Ng4
Nxg4 16. Qxg4 Bc8 17. Qd1 Bf8 18. Kh2 e4 19. dxe4 dxe4 20. Qe2 f5 21. Nc4 Ba6
22. Rfd1 Qf7 23. Bf1 Qe6 24. Qe1 Kh7 25. Rxd8 Rxd8 26. Rd1 Qe8 27. Be2 Nb4 28.
Qc3 Rxd1 29. Bxd1 Qd7 30. Bh5 Na2 31. Qe5 Bc8 32. g4 Nb4 33. gxf5 Qxf5 34.
Qxf5+ Bxf5 35. Be5 Nc6 36. Bb2 g6 37. Be2 Bg7 38. Bxg7 Kxg7 39. Nd6 Nb4 40. c4
Nd3 41. Kg3 Nc1 42. Bd1 Kf6 43. Bc2 Nd3 44. Bd1 Ke7 45. Nb5 a6 46. Nc7 Nb4 47.
Bg4 Kd7 48. Bxf5+ gxf5 49. Nd5 Nxd5 50. cxd5 Kd6 51. Kf4 Kxd5 52. Kxf5 b5 0-1

[Event "XXXI Festival A"]
[Site "Arco ITA"]
[Date "2009.10.24"]
[Round "9"]
[White "Traversi, Carlo"]
[Black "Orlandi, Stefano"]
[Result "0-1"]
[WhiteElo "1725"]
[BlackElo "1948"]
[PlyCount "65"]
[EventDate "2009.10.17"]

1. e4 c5 2. g3 Nc6 3. Bg2 d6 4. d3 e6 5. Ne2 Nf6 6. Nbc3 Be7 7. O-O a6 8. a4
Qc7 9. Kh1 O-O 10. Bf4 b6 11. Qe1 Bb7 12. Na2 Rad8 13. c3 Nh5 14. Be3 d5 15.
exd5 exd5 16. Nf4 Nxf4 17. Bxf4 Bd6 18. Bd2 Ne5 19. Nc1 Rfe8 20. Qd1 d4 21. f3
Bc6 22. Bf4 Qb7 23. Nb3 dxc3 24. bxc3 Ng4 25. Qd2 Bxf4 26. gxf4 Ne3 27. Rfe1
Nxg2 28. Kxg2 Bxf3+ 29. Kg1 Qd7 30. d4 Qg4+ 31. Kf1 Bd5 32. Qc2 Bc4+ 33. Kf2
0-1

[Event "XXXI Festival A"]
[Site "Arco ITA"]
[Date "2009.10.24"]
[Round "9"]
[White "Trimarchi, Giuseppe"]
[Black "Salati, Paolo"]
[Result "1-0"]
[WhiteElo "1722"]
[BlackElo "1866"]
[PlyCount "81"]
[EventDate "2009.10.17"]

1. e4 Nf6 2. e5 Nd5 3. d4 d6 4. c4 Nb6 5. Nf3 Bg4 6. exd6 exd6 7. Be3 Be7 8.
Bd3 Nc6 9. h3 Bh5 10. Nbd2 Bf6 11. Qb3 Rb8 12. O-O O-O 13. a3 Ne7 14. Qc2 Bg6
15. Ne4 Nd7 16. Nxf6+ Nxf6 17. Bg5 Bxd3 18. Qxd3 Ng6 19. Rfe1 h6 20. Bd2 d5 21.
Ne5 Nh8 22. Rac1 c6 23. c5 Re8 24. Bf4 Rc8 25. b4 Nd7 26. a4 a6 27. b5 axb5 28.
axb5 Nxe5 29. Bxe5 Ng6 30. Bd6 Qa5 31. Rxe8+ Rxe8 32. bxc6 bxc6 33. Kf1 Nf8 34.
f3 Nd7 35. Kf2 Qd8 36. Ra1 Qc8 37. Ra7 Nf8 38. Rc7 Qa8 39. Qf5 f6 40. Bxf8 Qa5
41. Rxg7+ 1-0

[Event "XXXI Festival A"]
[Site "Arco ITA"]
[Date "2009.10.25"]
[Round "9"]
[White "Van Riemsdijk, Herman C."]
[Black "Dalponte, Dino"]
[Result "1-0"]
[WhiteElo "2385"]
[BlackElo "2138"]
[PlyCount "63"]
[EventDate "2009.10.17"]

1. e4 d6 2. d4 c6 3. Nc3 g6 4. f4 Bg7 5. Nf3 Bg4 6. Be3 Qb6 7. Qd2 Bxf3 8. gxf3
e6 9. O-O-O Qa5 10. Kb1 Ne7 11. h4 h5 12. f5 exf5 13. Bf4 d5 14. Nxd5 Qxd2 15.
Nc7+ Kd7 16. Rxd2 Na6 17. Nxa8 Rxa8 18. exf5 Nxf5 19. Bh3 Re8 20. c3 Nc7 21.
Bxf5+ gxf5 22. Bxc7 Kxc7 23. Rdd1 Bf6 24. Rde1 Rh8 25. Kc2 Kd7 26. Kd3 Rg8 27.
Reg1 Re8 28. Rg2 f4 29. Re2 Rxe2 30. Kxe2 Ke6 31. Rg1 Kf5 32. Rg8 1-0

[Event "XVII C.to Europeo a squadre"]
[Site "Novi Sad SRB"]
[Date "2009.10.22"]
[Round "1.1"]
[White "Cheparinov, Ivan"]
[Black "Caruana, Fabiano"]
[Result "0-1"]
[WhiteElo "2667"]
[BlackElo "2662"]
[Annotator "ITA-BUL"]
[PlyCount "126"]
[EventDate "2009.10.22"]

1. c4 Nf6 2. Nc3 e5 3. Nf3 Nc6 4. g3 Nd4 5. Bg2 Nxf3+ 6. Bxf3 Bb4 7. O-O O-O 8.
Bg2 c6 9. d3 h6 10. Bd2 Re8 11. Rc1 a6 12. a3 Bf8 13. b4 d5 14. cxd5 cxd5 15.
Na4 Bg4 16. h3 Bh5 17. Nc5 b6 18. Na4 Re6 19. Re1 Rc8 20. Rxc8 Qxc8 21. Qb3 Qd7
22. Nc3 e4 23. dxe4 Nxe4 24. Nxd5 Nxd2 25. Qd3 Qb5 26. Qxd2 Rxe2 27. Rxe2 Bxe2
28. Qe3 Bc4 29. Nxb6 Be6 30. Bf1 Qc6 31. Bg2 Qb5 32. Na8 Qc4 33. h4 g6 34. Nb6
Qb5 35. Qd4 a5 36. Bf1 Qf5 37. Bd3 Qf3 38. bxa5 Qd1+ 39. Kh2 Bf5 40. a6 Qxd3
41. Qxd3 Bxd3 42. a7 Be4 43. a4 Bb4 44. a8=Q+ Bxa8 45. Nxa8 Ba5 46. g4 Kf8 47.
Kg3 Ke7 48. h5 gxh5 49. gxh5 Ke6 50. Kf4 f5 51. Ke3 Ke5 52. Kd3 Kd5 53. Ke3 Ke5
54. Kd3 f4 55. Kc4 f3 56. Kd3 Kf4 57. Kd4 Be1 58. Kd3 Bxf2 59. Nc7 Ba7 60. Nd5+
Kg5 61. a5 Kxh5 62. a6 Kh4 63. Ne3 h5 0-1